000 00816cam a2200241 a 4500
001 000020059
005 20200929170240.0
008 760831s1969 sp 001 d spa d
040 _aDO-SdBNP
_cDLC
_dDLC
082 _a862.5
_bR618d, 1969
100 1 _aRivas, Ángel de Saavedra,
_cDuque de,
_d1791-1865
_98738
245 1 0 _aDon Álvaro o la fuerza del sino :
_bdrama original en cinco jornadas, y en prosa y en verso /
_cDuque de Rivas.
250 _a6a ed.
260 _aMadrid :
_bEspasa-Calpe,
_c1969.
300 _a149 p. ;
_c18 cm.
490 0 _aAustral. Violeta: teatro y poesía
_v1016
500 _aIncluye índice de autores
650 4 _aTeatro español
_93071
650 4 _aLiteratura española
_9632
830 0 _aAustral.
_pVioleta: teatro y poesía;
_v1016
_939559
910 _aWM
049 _aBNGR
999 _c19567
_d19567